|
|
|
|
| LEADER |
00000cam a2200000 7i4500 |
| 001 |
0000008508 |
| 005 |
20170406093000.0 |
| 008 |
021119n |
| 020 |
|
|
|a 0041045977
|
| 090 |
0 |
0 |
|a PJ7644.E8
|b F513 f
|
| 245 |
0 |
0 |
|a Flights of fantasy :
|b Arabic short stories
|c edited with an introduction by Ceza Kassem and Malek Hashem
|
| 260 |
2 |
|
|a Cairo :
|b Elias Modern Publishing House ,
|c c1985
|
| 300 |
|
|
|a 232 p. ; ;
|c 20 cm.
|
| 650 |
|
0 |
|a Short stories, Arabic
|
| 700 |
0 |
|
|a Hasham, Malak ,
|e author
|
| 700 |
0 |
|
|a Kassem, Ceza ,
|e author
|
| 999 |
|
|
|a 1000054181
|b Book
|c OPEN SHELF (30 DAYS)
|e Gong Badak Campus
|